Presupuestación por recursos estandares en la construcción
Salvato in:
| Autore principale: | |
|---|---|
| Natura: | Libro |
| Pubblicazione: |
[San José , Costa Rica]
1984
|
| Soggetti: | |
| Tags: |
Aggiungi Tag
Nessun Tag, puoi essere il primo ad aggiungerne!!
|
MARC
| LEADER | 00000nam a2200000Ia 4500 | ||
|---|---|---|---|
| 003 | 002595 | ||
| 005 | 20221231144407.0 | ||
| 008 | 140114s1984 cr a m 000 ||s d | ||
| 040 | |c cru CEDI | ||
| 090 | |a TFG 1573 | ||
| 100 | |a Castro Abarca, María Auxiliadora |9 14770 | ||
| 245 | |a Presupuestación por recursos estandares en la construcción | ||
| 260 | |c 1984 |a [San José , Costa Rica] | ||
| 300 | |a [97] hojas ; 28 cm | ||
| 500 | |a Proyecto de graduación (ingeniero civil)-- Universidad de Costa Rica. Facultad de Ingeniería. Escuela de Ingeniería Civil | ||
| 650 | |x CONSTRUCCION - COSTOS |9 14771 | ||
| 942 | |c TFG | ||
| 999 | |c 21229 |d 21229 | ||
